NFL Teams Quiz By City - Statistics

General Stats
  • This quiz has been taken 20 times
    16 since last reset
  • The average score is 29 of 32
Answer Stats
Hint Answer % Correct
San Francisco 49ers
93%
Chicago Bears
93%
Cincinnati Bengals
93%
Buffalo Bills
93%
Denver Broncos
93%
Cleveland Browns
93%
Tampa Buccaneers
93%
Los Angeles (AFC) Chargers
93%
Kansas City Chiefs
93%
Indianapolis Colts
93%
Dallas Cowboys
93%
Miami Dolphins
93%
Philadelphia Eagles
93%
New York (NFC) Giants
93%
Jacksonville Jaguars
93%
New York (AFC) Jets
93%
Detroit Lions
93%
Green Bay Packers
93%
Foxborough Patriots
93%
Las Vegas Raiders
93%
Los Angeles (NFC) Rams
93%
Baltimore Ravens
93%
New Orleans Saints
93%
Seattle Seahawks
93%
Pittsburgh Steelers
93%
Houston Texans
93%
Nashville Titans
93%
Phoenix Cardinals
87%
Atlanta Falcons
87%
Washington, D.C.* Football Team
87%
Charlotte Panthers
87%
Minneapolis Vikings
80%
No matching quizzes found
Score Distribution
Percent of People with Each Score
Percentile by Number Answered
Your Score History
You have not taken this quiz since the last reset